UM Logo

The impact of corporate social responsibility on behavioral intention : (Record no. 21045)

MARC details
000 -LEADER
fixed length control field 00928nam a22002297a 4500
003 - CONTROL NUMBER IDENTIFIER
control field OSt
005 - DATE AND TIME OF LATEST TRANSACTION
control field 20250918102837.0
008 - FIXED-LENGTH DATA ELEMENTS--GENERAL INFORMATION
fixed length control field 240829b ||||| |||| 00| 0 eng d
040 ## - CATALOGING SOURCE
Transcribing agency 0
082 ## - DEWEY DECIMAL CLASSIFICATION NUMBER
Classification number DPer 647.94068 In821 2022 v. 23 n. 1-4
100 ## - MAIN ENTRY--PERSONAL NAME
Personal name Ahn, Jiseon.
Relator term author.
9 (RLIN) 59403
245 ## - TITLE STATEMENT
Title The impact of corporate social responsibility on behavioral intention :
Remainder of title customers' responses to two types of fit /
Statement of responsibility, etc. Jiseon Ahn and Lu Shiwen.
260 ## - PUBLICATION, DISTRIBUTION, ETC. (IMPRINT)
Place of publication, distribution, etc. United Kingdom ;
Name of publisher, distributor, etc. Taylor & Francis Group, LLC ,
Date of publication, distribution, etc. 2022.
300 ## - PHYSICAL DESCRIPTION
Extent Volume 23, pages 813-833 :
Other physical details illustration ;
Dimensions 26 cm.
500 ## - GENERAL NOTE
General note International Journal of Hospitality & Tourism Administration, vol. 23, no. 4, pages 813-833, 2022.
650 #0 - SUBJECT ADDED ENTRY--TOPICAL TERM
Topical term or geographic name as entry element Customer-CSR fit.
9 (RLIN) 67760
650 #0 - SUBJECT ADDED ENTRY--TOPICAL TERM
Topical term or geographic name as entry element Behavioral intention.
9 (RLIN) 67761
650 #0 - SUBJECT ADDED ENTRY--TOPICAL TERM
Topical term or geographic name as entry element Congruence theory.
9 (RLIN) 67762
700 ## - ADDED ENTRY--PERSONAL NAME
Personal name Ahn, Jiseon.
Relator term author.
9 (RLIN) 59403
700 ## - ADDED ENTRY--PERSONAL NAME
Personal name Shiwen, Lu.
Relator term author.
9 (RLIN) 59404
942 ## - ADDED ENTRY ELEMENTS (KOHA)
Source of classification or shelving scheme Dewey Decimal Classification
Koha item type Periodicals
Holdings
Withdrawn status Lost status Source of classification or shelving scheme Damaged status Not for loan Collection code Home library Current library Date acquired Total Checkouts Full call number Date last seen Price effective from Koha item type Public note
    Dewey Decimal Classification     Periodicals UM Digos College - LIC UM Digos College - LIC 08/29/2024   DPer 647.94068 In821 2022 v. 23 n. 1-4 08/29/2024 08/29/2024 Periodicals Periodical Article